Annual Reports of the Straits Settlements 1855-1941 : (Record no. 615752)

MARC details
000 -LEADER
fixed length control field 00483nam a2200181 a 4500
008 - FIXED-LENGTH DATA ELEMENTS--GENERAL INFORMATION
fixed length control field 260225s1998##################000#0#eng##
020 ## - INTERNATIONAL STANDARD BOOK NUMBER
ISBN 9781852079401
082 04 - DEWEY DECIMAL CLASSIFICATION NUMBER
Classification number 320.9595
Item number JAR.11
100 1# - MAIN ENTRY--AUTHOR NAME
Personal name Jarman, Robert L.,
245 10 - TITLE STATEMENT
Title Annual Reports of the Straits Settlements 1855-1941 :
260 ## - PUBLICATION, DISTRIBUTION, ETC. (IMPRINT)
Year of publication 1998.
650 #0 - SUBJECT ADDED ENTRY--TOPICAL TERM
Topical Term History.
942 ## - ADDED ENTRY ELEMENTS (KOHA)
Koha item type English Books

No items available.

Find us on the map